Paesi del Mondo - Uno Minuti Sprint - Statistics

Statistiche generali
  • Questo quiz è stato fatto 265 volte
  • Il punteggio medio è 24 su 196
Risposte nella Mappa
Le risposte nella mappa del quiz sottostante sono codificate secondo una scala di colori dal rosso al verde in base alla % di persone che hanno risposto correttamente.
 
Statistiche sulle risposte
Paese % Corretto
Italia
82%
Stati Uniti
78%
Canada
72%
Cina
66%
Russia
66%
Francia
61%
Spagna
60%
Brasile
56%
Messico
56%
Germania
45%
Cile
40%
India
40%
Australia
38%
Argentina
37%
Portogallo
33%
Danimarca
32%
Giappone
32%
Irlanda
30%
Islanda
29%
Svezia
29%
Perù
27%
Mali
26%
Norvegia
26%
Algeria
25%
Egitto
25%
Regno Unito
25%
Ciad
24%
Cuba
24%
Libia
24%
Malta
24%
Mongolia
23%
Austria
22%
Iran
22%
Iraq
22%
Marocco
22%
Belgio
21%
Repubblica del Congo
21%
Repubblica Democratica del Congo
21%
Niger
20%
Polonia
20%
Svizzera
20%
Grecia
19%
Sudan
18%
Tunisia
18%
Paesi Bassi
17%
Cipro
16%
Colombia
15%
Estonia
15%
Finlandia
15%
Nigeria
15%
Andorra
14%
Bolivia
14%
Lettonia
14%
Monaco
14%
Venezuela
14%
Lituania
13%
Albania
12%
San Marino
12%
Turchia
12%
Ecuador
11%
Etiopia
11%
Nauru
11%
Panama
11%
Angola
10%
Figi
10%
Haiti
10%
Oman
10%
Siria
10%
Slovenia
10%
Somalia
10%
Sudafrica
10%
Togo
10%
Città del Vaticano
9%
Kazakistan
9%
Yemen
9%
Arabia Saudita
8%
Bahamas
8%
Belize
8%
Ghana
8%
Guatemala
8%
Indonesia
8%
Kosovo
8%
Libano
8%
Madagascar
8%
Nepal
8%
Palau
8%
Samoa
8%
Ucraina
8%
Brunei
7%
Corea del Nord
7%
Croazia
7%
Gabon
7%
Guinea
7%
Honduras
7%
Lussemburgo
7%
Malawi
7%
Paraguay
7%
Qatar
7%
Serbia
7%
Slovacchia
7%
Suriname
7%
Ungheria
7%
Vietnam
7%
Benin
6%
Bielorussia
6%
Bulgaria
6%
Corea del Sud
6%
Costa Rica
6%
Eritrea
6%
Filippine
6%
Gambia
6%
Kenya
6%
Laos
6%
Malesia
6%
Namibia
6%
Nicaragua
6%
Pakistan
6%
Repubblica Ceca
6%
Romania
6%
Tuvalu
6%
Uruguay
6%
Antigua e Barbuda
5%
Camerun
5%
Emirati Arabi Uniti
5%
Gibuti
5%
Lesotho
5%
Macedonia
5%
Mauritania
5%
Moldavia
5%
Sud Sudan
5%
Thailandia
5%
Tonga
5%
Guyana
4%
Israele
4%
Liberia
4%
Nuova Zelanda
4%
Ruanda
4%
Senegal
4%
Bhutan
3%
Bosnia ed Erzegovina
3%
Burundi
3%
Cambogia
3%
Costa d'Avorio
3%
Dominica
3%
Giamaica
3%
Giordania
3%
Kiribati
3%
Liechtenstein
3%
Stati Federati di Micronesia
3%
Timor Est
3%
Uganda
3%
Afghanistan
2%
Armenia
2%
Azerbaijan
2%
Bangladesh
2%
Barbados
2%
Birmania
2%
Capo Verde
2%
Comoros
2%
El Salvador
2%
Georgia
2%
Grenada
2%
Isole Marshall
2%
Isole Salomone
2%
Kirghizistan
2%
Kuwait
2%
Maldive
2%
Mauritius
2%
Montenegro
2%
Mozambico
2%
Repubblica Dominicana
2%
Seychelles
2%
Singapore
2%
Sri Lanka
2%
Swaziland
2%
Taiwan
2%
Tanzania
2%
Trinidad e Tobago
2%
Uzbekistan
2%
Vanuatu
2%
Zambia
2%
Bahrain
1%
Botswana
1%
Burkina Faso
1%
Papua Nuova Guinea
1%
Saint Vincent e Grenadine
1%
Sao Tome e Principe
1%
Tagikistan
1%
Turkmenistan
1%
Zimbabwe
1%
Guinea-Bissau
0%
Guinea Equatoriale
0%
Repubblica Centrafricana
0%
Saint Kitts e Nevis
0%
Santa Lucia
0%
Sierra Leone
0%
Nessun quiz corrispondente trovato
Distribuzione punteggi
Percentuale di utenti per punteggio
Percentile per numero di risposta
I tuoi punteggi nel tempo
Non hai fatto questo quiz